000 00650nam a2200217 a 4500
005 20140310183544.0
008 110926s19uu xx 00 eng d
020 _a9780071259262
050 _aHD 30.3
_b.H377 2008
100 _aHattersley, Michael E.
245 _aManagement communication:
_bprinciples and practice /
_cMichael E. Hattersley.
250 _a3rd ed.
260 _aNew York :
_bMcGraw-Hill,
_c2008.
300 _a288 p. :
_c24 cm.
521 _aIT
650 _aCommunication in management.
650 _aCommunication in management -
_xCase studies.
700 _aMcJannet, Linda
942 _cBK
_2lcc
_kFOR
999 _c24843
_d24843